000 00417nam a2200133 a 4500
001 000017535
005 20200929165138.0
008 100326s1958 dr 000 0 spa d
040 _aDO-SdBNP
_bspa
_cBNPHU
100 1 _aMeyreles Soler, Rafael
_937745
245 1 0 _aTonos menores /
_cRafael Meyreles Soler.
260 _aCiudad Trujillo, República Dominicana :
_bImpresora Dominicana,
_c1958.
300 _a59 p. ;
_c23 cm.
999 _c17060
_d17060